000
00306nam a22001217a 4500
008
181001b xxu||||| |||| 00| 0 eng d
041
_a
eng
080
_a
574
100
_a
9
101
_a
MJE
245
_a
Pesticides in the Soil Environment: Processes, Impacts, and Modeling
_c
Cheng,H.H
942
_2
udc
_c
BK
999
_c
48762
_d
48762